00398nam a2200145Ia 4500008004100000020001500041041001200056082001600068100001700084245008000101260003200181300000800213650001600221700001500237221030s9999 xx 000 0 und d a9971513099 aEnglish a105.23bPet aJ. F. Peters 0aSoftware Engineering : An Engineering Approachcby J. F. Peters, W. Pedrycz bJohn WileyaSingaporec1999 a702 aBE Computer aW. Pedrycz